American History Groups of Things #4 - Statistics

General Stats
  • This quiz has been taken 125 times
  • The average score is 18 of 37
Answer Stats
- Answer % Correct
First Men to Walk on the Moon Neil Armstrong
96%
Declaration of Independence Authors Thomas Jefferson
91%
Big 3 TV Networks NBC
89%
Impeached Presidents Donald Trump (twice)
88%
Big 3 TV Networks ABC
87%
Impeached Presidents Bill Clinton
86%
First Men to Walk on the Moon Buzz Aldrin
79%
Big 3 TV Networks CBS
78%
Declaration of Independence Authors John Adams
74%
Capital Cities During Revolutionary War Philadelphia
72%
Capital Cities During Revolutionary War New York City
69%
Axis of Evil Countries Iran
68%
Declaration of Independence Authors Benjamin Franklin
67%
Impeached Presidents Andrew Johnson
66%
Trail of Tears Tribes Cherokee
65%
Axis of Evil Countries Iraq
63%
Axis of Evil Countries North Korea
50%
Presidents from Ohio William McKinley
50%
Presidents from Ohio Warren G. Harding
48%
Presidents from Ohio William Howard Taft
48%
Presidents from Ohio William Henry Harrison
45%
Presidents from Ohio James A. Garfield
42%
Trail of Tears Tribes Seminole
41%
Presidents from Ohio Rutherford B. Hayes
38%
Capital Cities During Revolutionary War Baltimore
34%
Trail of Tears Tribes Choctaw
20%
Capital Cities During Revolutionary War Trenton
19%
Trail of Tears Tribes Creek
15%
Capital Cities During Revolutionary War Annapolis
12%
Capital Cities During Revolutionary War York
12%
Trail of Tears Tribes Chickasaw
11%
Capital Cities During Revolutionary War Lancaster
9%
Capital Cities During Revolutionary War Princeton
9%
Trail of Tears Tribes Osage
8%
Declaration of Independence Authors Robert L. Livingston
6%
Declaration of Independence Authors Roger Sherman
6%
Trail of Tears Tribes Quapaw
0%
No matching quizzes found
Score Distribution
Percent of People with Each Score
Percentile by Number Answered
Your Score History
You have not taken this quiz